| 000 | 01042nam a2200313 a 4500 | ||
|---|---|---|---|
| 001 | 000014876 | ||
| 005 | 20200929163921.0 | ||
| 008 | 940620s1994 ck b 000 0 spa d | ||
| 010 | _a94173798 | ||
| 020 | _a9589057357 | ||
| 035 | _a(OCoLC)30839580 | ||
| 040 |
_aDO-SdBNP _cOAU _dDLC |
||
| 042 | _alccopycat | ||
| 043 | _as-ck--- | ||
| 050 | 0 | 0 |
_aF2271 _b.J37 1994 |
| 100 | 2 |
_aJaramillo Uribe, Jaime. _932863 |
|
| 245 | 1 | 0 |
_aDe la sociologia a la historia / _cJaime Jaramillo Uribe ; Gonzalo Catano, compilacion y prologo. |
| 250 | _a1. ed. | ||
| 260 |
_aSantafe de Bogota, D.C. : _bEdiciones Uniades, _c1994. |
||
| 300 |
_axi, 328 p. ; _c21 cm. |
||
| 440 | 0 |
_aColeccion Grandes maestros de los Andes _933699 |
|
| 504 | _a"Bibliografia de Jaime Jaramillo Uribe": p. [315]-328. | ||
| 651 | 0 |
_aColombia _xHistory. _932698 |
|
| 651 | 0 |
_aColombia _xHistoriography. _933700 |
|
| 650 | 0 |
_aSocial sciences and history. _933701 |
|
| 650 | 0 |
_aHistory _xPhilosophy. _933702 |
|
| 910 | _aCatalogación por copia / LC | ||
| 082 | 0 | 0 |
_a986.1 _220 |
| 999 |
_c14456 _d14456 |
||